MDQL
is popping MORE tags! Check the
thread
!
Quizzes
Events
Quiz Creation
Community
Videos
Private Events
Remove Ads
Sign In
Join for FREE
Feedback
Dark Mode
Quiz Categories
Sports
Geography
Music
Movies
Television
Just For Fun
Miscellaneous
History
Literature
Language
Science
Gaming
Entertainment
Religion
Holiday
For Kids
Quiz Lab
Recent
Popular Today
Quiz Kudos Today
Editor Picks
Curator Picks
Quizzes by...
Day
Popularity
Type
Ratings
Length
Year
Community
Subscriptions
Recent Discussions
Orange Saloon
Badges
Playlists
Quests
Create
Leaderboards
Showdown
Live 5
Trivia Bingo
Activity
Puzzle Library
Sporcle Events
Private Events
Virtual Trivia
Globe League
Become a Host
Pub Owners
SporcleCon
Opinionation
Our Games
Videos
Blog
Mobile Apps
Partnerships
Remove Ads and Go Orange
Feedback
Gaming
Video Games
Board Games
Card Games
Pokémon
Mario
Nintendo
Minecraft
Console
Toys
Legend of Zelda
Gaming
Video Games
Board Games
Card Games
Pokémon
Mario
Nintendo
Minecraft
Console
Toys
Legend of Zelda
Random Quiz
Search Sporcle
×
Editor Pick
Editor Pick
Gaming
Pokémon
Type in answers that appear in a list
Type in answers that appear in a list
Classic
Best Score? Go Orange.
Pokémon Location by Screenshot (Kanto) Stats
Can you name the Pokémon Location by its Small Screenshot (Kanto)?
By
Dynastico
4m
24 Questions
2,483 Plays
2,483 Plays
2,483 Plays
Comments
Comments
Give Quiz Kudos
Give Quiz Kudos
-
- Ratings
hide this ad
More Info
Forced Order
Answers have to be entered in order
Answers have to be entered in order
Replay
Link that replays current quiz
Next Quiz
Link to next quiz in quiz playlist
You Got
0%
They Got
Avg Score
52%
Avg Friend Score
Upgrade to see
Score Distribution
Jump to the score distribution portion of the page
Score
0/24
Timer
04:00
0
Plays Today
Screenshot #
Location
% Correct
2.
Victory Road
68.6%
5.
Cerulean City
65.8%
8.
Saffron City
65.7%
3.
Cinnabar Island
64.8%
12.
Indigo Plateau
63.5%
1.
Pallet Town
62.8%
14.
Pokémon Tower
62.7%
10.
Safari Zone
62.4%
7.
Vermillion City
58.7%
13.
Mount Moon
58.6%
18.
Viridian Forest
58.3%
9.
Seafoam Islands
54.2%
Screenshot #
Location
% Correct
21.
Silph Co.
53.8%
6.
Lavender Town
51%
20.
Power Plant
48.4%
11.
Celadon City
47.8%
19.
Viridian City
46.4%
16.
Celadon Game Corner
44.8%
15.
Diglett's Cave
44.5%
4.
Pokémon Mansion
42.7%
22.
Rock Tunnel
37.6%
24.
Cerulean Cave
35.5%
17.
Pewter City
34.1%
23.
Fuchsia City
28.4%
Quiz Playlist
Details
Report
Send in Message
Add To Playlist
More Info:
A "location" is anywhere directly defined in the game, meaning a town, city, cave, important building or other landmark.
Classic:
Type in answers that appear in a list
Forced Order:
Answers have to be entered in order
Quiz Source
Last Updated: Feb 11, 2020
Editor Pick in
Gaming
Curator Pick in
Pokémon
Quiz Scoreboard
CHALLENGE
Sign Up to Join the Scoreboard
Show All
Scores
Hide
Comments
May contain spoilers
Recently Published
5x2 Blitz: Bands
by SL_Kpop136
Music
30s
Colored Red Africa Blitz
by spor1
Geography
30s
Find the 'City' Movie
by crazypaving
Movies
60s
More to Explore
Quiz From the Vault
Featured Blog Post
14 Easter Pick-up Lines to Find Eggs With
hide this ad
You Might Also Like...
Tags
Pokémon Quiz
kanto
location
screenshot
small
Today's Top Quizzes in Gaming
Browse Gaming
hide this ad
Today's Top Quizzes in Pokémon
Browse Pokémon
Top Contributed Quizzes in Gaming
1
Genshin murder mystery
2
Dead By Daylight Logic Puzzle
3
Destiny 2 exotic weapons by perk icons
4
League of Legends Pro Players by Career/Team History
5
Genshin Impact Logic Puzzle
6
Overwatch 2: Ultimate Ability Icons
7
Genshin Impact Logic Puzzle Quiz II
8
Overwatch Logic Puzzle
9
Who's on the WWE 2K24 Cover?
10
5-to-1: Legend of Zelda
Explore More
Trending Topics
Harry Potter
Kpop
NBA
Marvel
Anime
Crossword
Disney
WWE
Pokémon
Puzzle
NFL
Soccer
The Office
Country
Song
hide this ad
More By:
Dynastico
Quiz
Plays
Rating
Category
Featured
Created
Pokémon by (Ugly) Gen I Backsprite
7,166
4.12
Gaming
Jul 10, 2011
Pokémon: Shiny, or No Shiny?
4,884
3.11
Gaming
Jul 23, 2011
Pokémon Trainer Class by Sprite
1,292
4.31
Gaming
Jun 27, 2011
Pokémon In-Game Trades (Gen I)
559
4.50
Gaming
Jul 22, 2011
Pokémon Items by Picture
456
4.50
Gaming
Jul 20, 2011
Go to Creator's Profile
Score Distribution
Quiz Creator Spotlight
Dynastico
Follow
Send a Message
Quizzes Created
-
Created Quiz Play Count
-
More By This Creator
Popular Quizzes Today
1
Colored Red Africa Blitz
2
Find the 'City' Movie
3
5x2 Blitz: Bands
4
Find the US States - No Outlines Minefield
5
The Countries of the World
6
Find the US States
7
US States
8
Find the Countries of Europe - No Outlines Minefield
More Gaming Quizzes
Rainbow Six Siege Maps by Picture
Quiz Lab
Trending Quizzes
Colored Red Europe Blitz I
Colored Red Europe Blitz II
Colored Red Africa Blitz II
Colored Red Europe Blitz III
Colored Red Africa Blitz III
Recently Updated
How Do You Spell That?
pecheneg
Godzilla Movies
pecheneg
Grab Bag: 4-10 Letters
pecheneg
2024 March Madness Bracket
pecheneg
Famous TV Couples
Peacemaker
Champions League XIs: Real Madrid
pecheneg
Largest US Cities 1790-2010
pecheneg
Rides in Walt Disney World
pecheneg
Most Oscar Losses (Acting)
pecheneg
Beyoncé Albums
pecheneg
Trending Topics
Marvel
Kpop
Harry Potter
Anime
Crossword
NBA
Disney
Puzzle
The Office
Country
NFL
Soccer
Pokémon
WWE
Song
Your Account Isn't Verified!
In order to create a playlist on Sporcle, you need to verify the email address you used during registration. Go to your
Sporcle Settings
to finish the process.
Report this User
Report this user for behavior that violates our
Community Guidelines
.
Details:
Send Report
Go to the Sporcle.com Mobile Site →
Comments